| 000 | 00874nam a22002657a 4500 | ||
|---|---|---|---|
| 005 | 20170124105926.0 | ||
| 010 | _a668089 | ||
| 020 | _c00 | ||
| 035 | _a668089 | ||
| 037 | _bCen Lib/Ret | ||
| 040 |
_aDPL _bEN |
||
| 082 | _a020.954 | ||
| 245 |
_aIndian librarianship : _cedited by Sat Paul Goyal _bessays in honour of S.R. Bhatia / |
||
| 246 | _b | ||
| 260 |
_bM/s. Scientific Book Store _c1972 _aDelhi |
||
| 270 |
_bDelhi _a3241, dharampura, chawri bazar |
||
| 300 |
_axxx, 205p.: _c23m(Hb) _bill. |
||
| 500 | _a Includes bibliographical references | ||
| 650 |
_aLibrary Science _96387 |
||
| 650 |
_aLibrary movements _96388 |
||
| 650 |
_a पुस्तकालय विज्ञान _96389 |
||
| 650 |
_a लाइब्रेरी आंदोलन _9702 |
||
| 700 |
_aGoyal, Sat Paul _96390 |
||
| 942 |
_2ddc _cEN _h020.954 _mGOY |
||
| 999 |
_c123485 _d123485 |
||